Bodies from the ash / (Record no. 34084)
[ view plain ]
| 000 -LEADER | |
|---|---|
| fixed length control field | 01605cam a22003614a 4500 |
| 001 - CONTROL NUMBER | |
| control field | 13776849 |
| 003 - CONTROL NUMBER IDENTIFIER | |
| control field | OSt |
| 005 - DATE AND TIME OF LATEST TRANSACTION | |
| control field | 20140310184409.0 |
| 008 - FIXED-LENGTH DATA ELEMENTS--GENERAL INFORMATION | |
| fixed length control field | 041109s2005 maua j b 001 0 eng |
| 010 ## - LIBRARY OF CONGRESS CONTROL NUMBER | |
| LC control number | 2004026553 |
| 020 ## - INTERNATIONAL STANDARD BOOK NUMBER | |
| International Standard Book Number | 0545242158 |
| 040 ## - CATALOGING SOURCE | |
| Original cataloging agency | DLC |
| Transcribing agency | DLC |
| Modifying agency | DLC |
| 042 ## - AUTHENTICATION CODE | |
| Authentication code | pcc |
| 043 ## - GEOGRAPHIC AREA CODE | |
| Geographic area code | e-it--- |
| 050 00 - LIBRARY OF CONGRESS CALL NUMBER | |
| Classification number | DG 70.P7 |
| Item number | .D386 2010 |
| 100 1# - MAIN ENTRY--PERSONAL NAME | |
| Personal name | Deem, James M. |
| 9 (RLIN) | 26027 |
| 245 10 - TITLE STATEMENT | |
| Title | Bodies from the ash / |
| Statement of responsibility, etc | James M. Deem. |
| 260 ## - PUBLICATION, DISTRIBUTION, ETC. (IMPRINT) | |
| Place of publication, distribution, etc | New York : |
| Name of publisher, distributor, etc | Scholastic, |
| Date of publication, distribution, etc | 2005. |
| 300 ## - PHYSICAL DESCRIPTION | |
| Extent | 50 p. : |
| Other physical details | ill. (some col.) ; |
| Dimensions | 24 x 29 cm. |
| 504 ## - BIBLIOGRAPHY, ETC. NOTE | |
| Bibliography, etc | Includes bibliographical references (p. 47-48) and index. |
| 505 0# - FORMATTED CONTENTS NOTE | |
| Formatted contents note | August 24 and 25, AD 79 -- Rediscovering Pompeii -- The plaster bodies of Pompeii -- Lives from the ashes -- Herculaneumæs different fate -- A final excavation. |
| 521 ## - TARGET AUDIENCE NOTE | |
| Target audience note | |
| 526 ## - STUDY PROGRAM INFORMATION NOTE | |
| Reading level | 1120 |
| 650 #0 - SUBJECT ADDED ENTRY--TOPICAL TERM | |
| Topical term or geographic name as entry element | Excavations (Archaeology) |
| Geographic subdivision | Italy |
| -- | Pompeii (Extinct city) |
| Form subdivision | Juvenile literature. |
| 9 (RLIN) | 26028 |
| 651 #0 - SUBJECT ADDED ENTRY--GEOGRAPHIC NAME | |
| Geographic name | Pompeii (Extinct city) |
| Form subdivision | Juvenile literature. |
| 9 (RLIN) | 26029 |
| 651 #0 - SUBJECT ADDED ENTRY--GEOGRAPHIC NAME | |
| Geographic name | Vesuvius (Italy) |
| General subdivision | Eruption, 79 |
| Form subdivision | Juvenile literature. |
| 9 (RLIN) | 26030 |
| 856 42 - ELECTRONIC LOCATION AND ACCESS | |
| Materials specified | Publisher description |
| Uniform Resource Identifier | <a href="http://www.loc.gov/catdir/enhancements/fy0617/2004026553-d.html">http://www.loc.gov/catdir/enhancements/fy0617/2004026553-d.html</a> |
| 856 42 - ELECTRONIC LOCATION AND ACCESS | |
| Materials specified | Contributor biographical information |
| Uniform Resource Identifier | <a href="http://www.loc.gov/catdir/enhancements/fy0736/2004026553-b.html">http://www.loc.gov/catdir/enhancements/fy0736/2004026553-b.html</a> |
| 906 ## - LOCAL DATA ELEMENT F, LDF (RLIN) | |
| a | 7 |
| b | cbc |
| c | orignew |
| d | 1 |
| e | ecip |
| f | 20 |
| g | y-gencatlg |
| 942 ## - ADDED ENTRY ELEMENTS (KOHA) | |
| Source of classification or shelving scheme | Library of Congress Classification |
| Koha item type | |
| Withdrawn status | Lost status | Source of classification or shelving scheme | Damaged status | Home library | Current library | Shelving location | Date acquired | Total Checkouts | Full call number | Barcode | Date last seen | Copy number | Price effective from | Koha item type | Date checked out |
|---|---|---|---|---|---|---|---|---|---|---|---|---|---|---|---|
| Library of Congress Classification | Luxembourg Library | Luxembourg Library | Scholastic Reading Center Section | 10/08/2013 | DG 70.P7 .D386 2010 | LEX1517 | 04/18/2017 | 1 | 10/08/2013 | Books | |||||
| Library of Congress Classification | Luxembourg Library | Luxembourg Library | Scholastic Reading Center Section | 10/08/2013 | 1 | DG 70.P7 .D386 2010 | LEX1518 | 04/18/2017 | 2 | 01/30/2014 | Books | 10/04/2014 |